000 00553cam a22001457a 4500
008 180718b1957 xxu||||| |||| 00| 0 eng d
082 _aZ4x54 In2e
100 _aIndia. Foodgrains Enquiry Committee
245 _aReport of the Foodgrains Enquiry Committee, 1957
_cby Department of Food, Ministry of Food and Agriculture
260 _aNew Delhi
_bDepartment of Food, Ministry of Food and Agriculture
_c1957
300 _a191+p.
500 _aChairman: Ashok Mehta
700 _aIndia. Ministry of Food and Agriculture
700 _aMehta, Ashok (Chairman)
999 _c394626
_d394626